The tale of lady cabbage / : (Record no. 105962)
[ view plain ]
| 000 -LEADER | |
|---|---|
| fixed length control field | 00489nam a2200169 a 4500 |
| 005 - DATE AND TIME OF LATEST TRANSACTION | |
| control field | 20140412111419.0 |
| 008 - FIXED-LENGTH DATA ELEMENTS--GENERAL INFORMATION | |
| fixed length control field | 070906s19uu xx 00 eng d |
| 020 ## - INTERNATIONAL STANDARD BOOK NUMBER | |
| International Standard Book Number | 971-630-149-9 |
| 050 ## - LIBRARY OF CONGRESS CALL NUMBER | |
| Classification number | Fil E |
| Item number | Ta14 2006 |
| 100 ## - MAIN ENTRY--PERSONAL NAME | |
| Personal name | Wee, Serene |
| 245 ## - TITLE STATEMENT | |
| Title | The tale of lady cabbage / : |
| Statement of responsibility, etc | Serene Wee. |
| Remainder of title | Ang kwento ni binibining repolyo / |
| 260 ## - PUBLICATION, DISTRIBUTION, ETC. (IMPRINT) | |
| Place of publication, distribution, etc | Philippines : |
| Name of publisher, distributor, etc | Tahanan pacific, |
| Date of publication, distribution, etc | 2005. |
| 300 ## - PHYSICAL DESCRIPTION | |
| Extent | 1 v. unp |
| 440 ## - SERIES STATEMENT/ADDED ENTRY--TITLE | |
| Title | Little clogs |
| 650 ## - SUBJECT ADDED ENTRY--TOPICAL TERM | |
| Topical term or geographic name as entry element | Plants |
| General subdivision | Folklore |
| Withdrawn status | Lost status | Damaged status | Home library | Current library | Shelving location | Date acquired | Source of acquisition | Cost, normal purchase price | Total Checkouts | Full call number | Barcode | Date last seen | Price effective from | Koha item type |
|---|---|---|---|---|---|---|---|---|---|---|---|---|---|---|
| Elizalde Library | Elizalde Library | Filipiniana Section | 09/06/2007 | 135.00 | Fil E Ta14 2006 | E11026 | 04/12/2014 | 04/12/2014 | Books |